000 01122aam a2200385 4500
005 20250613161209.0
008 150625b2016 xxu||||| |||| 00| 0 spa d
020 _a9786071513748
041 _aESP
082 _a658.404 B116e8
100 _aBaca Urbina, Gabriel
245 _aEvaluación de proyectos
250 _a8 edición
260 _aMéxico
260 _bMcGraw-Hill
260 _c2016
300 _a419 páginas
490 _aDirección y Administración de Empresas
650 _aGERENCIA DE PROYECTOS
650 _aPROYECTO
650 _aEVALUACIÓN DE PROYECTOS
650 _aCOMERCIALIZACIÓN
650 _aESTRATEGIAS DE INTRODUCCIÓN AL MERCADO
650 _aPLANEACIÓN ESTRATEGICA DE LA EMPRESA
650 _aMARCO LEGAL DE LA EMPRESA
650 _aIDENTIFICACIÓN DE LOS PROCESOS
650 _aESTUDIO DE MERCADO
650 _aESTUDIO TÉCNICO
650 _aESTUDIO ECONÓMICO
650 _aEVALUACIÓN ECONÓMICA
650 _aANÁLISIS DE SENSIBILIDAD
650 _aMEDICIÓN DEL RIESGO DE MERCADO
650 _aADMINISTRACIÓN DEL RIESGO
942 _cBK
_2ddc
999 _c10364
_d10364